|
|
|
|
| LEADER |
00928nab#a2200313#ar4500 |
| 001 |
000052182 |
| 003 |
SVKKK |
| 005 |
20050418105236.0 |
| 008 |
050331c2005 xo e slo |
| FMT |
|
|
|
| 038 |
|
|
|a SVKKK
|
| 040 |
|
|
|a SVKKK
|b slo
|e AACR2
|
| 041 |
0 |
|
|a slo
|
| 044 |
|
|
|a xo
|c SK
|
| 080 |
|
|
|a 796.332
|2 1997
|
| 100 |
1 |
|
|a Koch, Ján
|4 aut
|4 ivr
|
| 245 |
1 |
0 |
|a Rotrhne sa vrece s lákavými ponukami :
|b Rumunsko sa blíži, predseda prípravného výboru Gejza Princ odpovedá
|c Ján Koch
|
| 610 |
2 |
4 |
|a Všešportový areál (Košice, Slovensko)
|
| 611 |
2 |
4 |
|a Majstrovstvá sveta ´94
|c (Košice, Slovensko)
|y 2.6.1993
|
| 650 |
0 |
4 |
|a futbal
|x Majstrovstvá sveta ´94
|z Košice (Slovensko)
|
| 700 |
1 |
|
|a Princ, Gejza
|4 aut
|4 ive
|
| 773 |
0 |
|
|t Slovenský východ
|g Roč. 3/22, č. 116 (21.5.1993), s. 8
|
| 957 |
|
|
|a 802
|
| 958 |
|
|
|a K1
|
| 974 |
|
|
|a Čr
|
| 992 |
|
|
|a RBX
|
| BAS |
|
|
|
| 852 |
|
|
|a SVKKK
|b BIB
|
| 998 |
|
|
|a REG
|